00555nam a2200133Ia 4500008004100000100002000041245012900061260004600190300001100236650001300247856006900260999001900329952007300348160712s9999 xx 000 0 und d aBawagan, Aleli. cAleli Bawagan,aPaglahok ng mga Lider Magsasaka sa Istruktura ng Pamamahala sa Lokal at Pambansang Antas: Mga Bunga at Hamon c2015bDaluyan: Journal ng Wikang Filipino a no. 2 xFILIPINO uhttp://journals.upd.edu.ph/index.php/djwf/issue/view/473/showToc c297014d297014 001040aCLbCLd2016-07-12l0r2016-07-12 00:00:00w2016-07-12yFEJ